000
00321nam a2200133Ia 4500
008
200103s9999||||xx |||||||||||||| ||und||
040
_a
IMU-MPC
082
_a
Column-62
100
_a
Bogolyubov, S. H.
245
0
_a
Exercises in Machine Drawing
260
_b
Mir Publishers, Moscow
_c
1980
300
_a
322
942
_c
BK
999
_c
11091
_d
11091